| 000 | 01261nam a2200349 a 4500 | ||
|---|---|---|---|
| 001 | 85890 | ||
| 003 | BD-RjUL | ||
| 005 | 20251027121540.0 | ||
| 008 | 251027s1971 ii c 000 0 eng | ||
| 035 | _a(BD-RjUL)85890 | ||
| 040 |
_aDLC _cDLC _dDLC _dBD-RjUL _beng |
||
| 041 | _aeng | ||
| 082 |
_223 _a347.5406 _bSAS 1971 |
||
| 110 | 1 |
_aIndia (Republic) _kLaws, statutes, etc. _917238 |
|
| 245 | 1 | 0 |
_aSarkar's Law of evidence (India, Pakistan, Burma & Ceylon) / _cIndia (Republic) Laws, statutes ; S. C. Sarkar ed., Prabhas Chandra Sarkar, ed. |
| 246 | _aLaw of evidence | ||
| 250 |
_a12th ed., _bby Prabhas C. Sarkar and Sudipto Sarkar. |
||
| 260 |
_aCalcutta : _bS. C. Sarkar, _c1971 |
||
| 300 |
_a1477 p.; _c25 cm. |
||
| 336 |
_atext _btxt _2rdacontent |
||
| 337 |
_aunmediated _bn _2rdamedia |
||
| 338 |
_avolume _bnc _2rdacarrier |
||
| 500 | _aRunning title: The evidence act. | ||
| 650 | 0 |
_aEvidence (Law) _zIndia. _92838 |
|
| 650 | 0 |
_aEvidence (Law) _zPakistan. _917239 |
|
| 650 | 0 |
_aEvidence (Law) _zBurma. _917240 |
|
| 650 | 0 |
_aEvidence (Law) _zSri Lanka. _917241 |
|
| 700 | 1 |
_aSarkar, S. C. _q(Subodh Chandra), _d1886-1966, _eed. _917242 |
|
| 700 | 1 |
_aSarkar, Prabhas Chandra, _eed. _93197 |
|
| 700 | 1 |
_aSarkar, Sudipto, _eed. _917243 |
|
| 942 |
_2ddc _cBK |
||
| 999 |
_c85890 _d85890 |
||